000 01194cab a22002535a 4500
001 L141777
008 071220e20071215xxk f 000 0 eng d
035 _a(Sirsi) u141777
041 0 _aeng
100 1 _aMurdoch, Sandi
245 0 0 _aAnnual highlights
260 _c2007
490 _aEstates Gazette
_v(0750) 15 December 2007, 106-107(2)
520 _aProvides a résumé of the most significant legal cases of 2007. Landmark rulings include that the decision that if a reviewed rent is not fixed by the review date, the landlord must serve notice if he wishes to preserve the right of recourse. It was decided that if a landlord fails to carry out prompt repairs, he can be unable to recover the cost of work from the tenant. It is important that a landlord bringing a claim for damages should provide evidence as to the diminution of value incurred. A number of other rulings are also considered.
590 _aKA
650 2 4 _aCOLE V DAVIS-GILBERT
650 2 4 _aSIDDORN V PATEL
650 2 4 _aTHOMAS V KEN THOMAS
651 4 _aUnited Kingdom
_y
690 _aPROPERTY-COMMERCIAL PROPERTY
690 _aPROPERTY-RESIDENTIAL PROPERTY
700 1 _aMurdoch, John
942 _n0
999 _c79583
_d79583